000 01768cam a22001814a 4500
005 20250605164349.0
008 250528s ||||||||||||||||||||||||d
035 _a24093
040 _aGR-AtMCL
_bgre
_dGR-AtMCL
_eAACR2
245 1 _aΕκδήλωση στο Ε.Β.Ε.Α.: Οι Ελεύθεροι Επαγγελματίες στην Ηλεκτρονική Πλατφόρμα Εξωδικαστικού Μηχανισμού Ρύθμίσης Οφειλών / Η Ιδιότυπη Ανοχή στους Βανδαλισμούς Καταστημάτων Πρέπει να Τελειώσει!
260 _bΕμπορικό Και Βιομηχανικό Επιμελητήριο Αθηνών,
_c2018
300 _a64
520 _aΟι Ελεύθεροι Επαγγελματίες στην Ηλεκτρονική Πλατφόρμα Εξωδικαστικού Μηχανισμού Ρύθμισης Οφειλών, Ευκαιρίες για Επιχειρήσεις και Επαγγελματίες στη Νιγηρία και τη Μεγαλύτερη Οικονομία της Αφρικής, Επιτυχημένη Διαδοχή στην Οικογενειακή Επιχείρηση, Η Παρούσα Συγκυρία για την Ελλάδα είναι Καθοριστική, Αισιοδοξία ότι το 2018 θα είναι Επιτυχημένη Χρονιά για τις Εξαγωγές, Οι Αλλαγές στη Μεθοδολογία Υπολογισμού των Χρεώσεων του Ρεύματος, Κρίσιμα Έργα Σημαντικής Αξίας Αναμένεται να Τρέξουν μέσα στο 2018.
700 1 _aΜίχαλος Κωνσταντίνος
_94319
942 _cCR
999 _c8992
_d8992